| 000 | nam a22 a 4500 | ||
|---|---|---|---|
| 999 |
_c1395 _d1395 |
||
| 005 | 20170509125416.0 | ||
| 008 | 170509b1983 -us||||| |||| 00| 0 eng d | ||
| 020 | _a0803921063 | ||
| 040 | _aAKMAL | ||
| 082 | 0 | 4 | _a302 BIC |
| 090 |
_a302 _bBIC |
||
| 100 |
_aBICKMAN, LEONARD _92743 |
||
| 245 | 0 | 0 |
_aApplied social psychology annual / _csponsored by the Society for the Psychological Study of Social Issues (SPSSI). |
| 260 | _aBeverly Hills, Calif. | ||
| 260 |
_aLondon : _bSage Publications, _c1980-1988. |
||
| 300 |
_a8 v. : _bill. ; _c22cm |
||
| 500 | _a Description based on: 2. | ||
| 599 | _aDALAM PROSES | ||
| 650 | 0 |
_aSocial psychology _vPeriodicals. _92744 |
|
| 650 | 0 |
_asychology, Applied _vPeriodicals. _92745 |
|
| 710 | 2 |
_aSociety for the Psychological Study of Social Issues. _92671 |
|
| 942 |
_2ddc _cBOOK |
||